000 00313nam a22001337a 4500
008 181017b xxu||||| |||| 00| 0 eng d
020 _a9780321649546
041 _aeng
080 _23 ED
_a573
100 _a11
101 _aBIO
245 _aEssentials Biology With Physiology
_cSimon.R
942 _2udc
_cBK
999 _c50033
_d50033